Materials instabilities
Uloženo v:
| Hlavní autoři: | , , |
|---|---|
| Médium: | Kniha |
| Jazyk: | angličtina |
| Vydáno: |
Hackensack
World Scientific
2000
|
| Témata: | |
| Tagy: |
Přidat tag
Žádné tagy, Buďte první, kdo vytvoří štítek k tomuto záznamu!
|
MARC
| LEADER | 00000cam a2200000 a 4500 | ||
|---|---|---|---|
| 001 | UCG6568 | ||
| 003 | CL-VaPUC | ||
| 005 | 20230110074252.0 | ||
| 008 | 110509e20000000us 1 eng d | ||
| 020 | |a 9810242654 | ||
| 082 | 0 | 4 | |a 620 |b MAR |2 21 |
| 100 | |a Martínez-Mardones, Javier Enrique |e autor |9 621775 | ||
| 651 | 0 | |a Valparaíso, Chile |9 261144 | |
| 700 | 1 | |a Walgraef, Daniel |e author |9 621776 | |
| 700 | 1 | |a Wörner Olavarría, Carlos H |e author |9 621777 | |
| 245 | 1 | 0 | |a Materials instabilities |
| 260 | |a Hackensack |b World Scientific |c 2000 | ||
| 300 | |a 335 p | ||
| 583 | |a last modification |c 20190908 07:47:25 |k Rodrigo Vera | ||
| 650 | 0 | 0 | |a Resistencia de materiales |9 260095 |
| 650 | 0 | 7 | |a ESTABILIDAD |2 CL-VaPUC |9 330601 |
| 650 | 0 | 7 | |a DETERIORO |2 CL-VaPUC |9 422728 |
| 650 | 0 | 0 | |a Congresos |9 257560 |
| 942 | |c BK | ||
| 945 | |a jcampos |d 20110509 00:00:00 | ||
| 546 | |a En Inglés | ||
| 536 | |a Universidad Católica de Valparaíso | ||
| 518 | |p Proceedings of the First Latin American Summer School, 1, Valparaíso, 30 November-4 December 1998 | ||
| 999 | |c 384617 |d 384615 | ||
| 952 | |0 0 |1 0 |4 0 |6 620_000000000000000_MAR_2000 |7 0 |8 A |9 507462 |a BIBCUR |b BIBCUR |d 2020-01-23 |i 4772040 |o 620 MAR 2000 |p 4772040 |r 2025-04-22 |w 2020-01-23 |y BK |k BCB | ||
| 952 | |0 0 |1 0 |3 erd |4 0 |6 620_000000000000000_MAR_2000 |7 0 |8 A |9 507463 |a BIBCUR |b BIBCUR |i 5384737 |o 620 MAR 2000 |p 5384737 |r 2025-04-22 |w 2020-01-23 |y BK |z Catalogado en:20170331 |k FIS | ||